[Event "Davos op 5th"]
[Site "Davos"]
[Date "2006.08.12"]
[Round "7"]
[White "Remensberger, Paul"]
[Black "Tillmann, Marc"]
[Result "1/2-1/2"]
[WhiteElo "2051"]
[BlackElo "1947"]
[PlyCount "45"]
[EventDate "2006.08.06"]
[EventType "swiss"]
[EventRounds "7"]
[EventCountry "SUI"]
[SourceTitle "EXT 2008"]
[Source "ChessBase"]
[SourceDate "2007.11.25"]
[SourceVersion "1"]
[SourceVersionDate "2007.11.25"]
[SourceQuality "1"]

1. d4 Nf6 2. c4 e6 3. Nf3 c5 4. d5 d6 5. Nc3 g6 6. g3 exd5 7. cxd5 Bg7 8. Bg2 0-0 9. 0-0 Na6 10. Nd2 Nc7 11. a4 b6 12. Nc4 Ba6 13. Na3 Qd7 14. Qb3 Rfe8 15. Re1 Ng4 16. Nab5 Bxb5 17. Nxb5 Nxb5 18. axb5 Qf5 19. f3 Ne3 20. Ra4 Bd4 21. Kh1 Nc2 22. e4 Nb4 23. Bd2 1/2-1/2

[Event "Davos op 5th"]
[Site "Davos"]
[Date "2006.08.10"]
[Round "5"]
[White "Remensberger, Paul"]
[Black "Lematschko, Tatjana"]
[Result "1/2-1/2"]
[WhiteElo "2051"]
[BlackElo "2200"]
[PlyCount "123"]
[EventDate "2006.08.06"]
[EventType "swiss"]
[EventRounds "7"]
[EventCountry "SUI"]
[SourceTitle "EXT 2008"]
[Source "ChessBase"]
[SourceDate "2007.11.25"]
[SourceVersion "1"]
[SourceVersionDate "2007.11.25"]
[SourceQuality "1"]

1. d4 Nf6 2. c4 e6 3. Nf3 b6 4. g3 Bb4+ 5. Bd2 a5 6. Bg2 Bb7 7. 0-0 0-0 8. Bf4 Be7 9. Nc3 Ne4 10. Nxe4 Bxe4 11. Ne1 Bxg2 12. Nxg2 f5 13. Qd3 Nc6 14. Bd2 Bf6 15. Bc3 g6 16. e3 Qe7 17. Rad1 Nb4 18. Qb1 d5 19. a3 Na6 20. cxd5 exd5 21. Nf4 Rfd8 22. b4 axb4 23. axb4 b5 24. Qb3 c6 25. Ra1 Nc7 26. Ra5 Rxa5 27. bxa5 Na6 28. Rb1 Qd6 29. Nd3 Be7 30. Bd2 Rc8 31. Rb2 Kf8 32. h4 Ke8 33. Rb1 Qa3 34. Kf1 Qxb3 35. Rxb3 Bd6 36. Ke2 b4 37. Rb2 Rb8 38. f4 Kd7 39. Be1 Rb5 40. Bd2 b3 41. Bc3 c5 42. dxc5 Bxc5 43. Nc1 Bd6 44. Rxb3 Kc6 45. Rxb5 Kxb5 46. Nd3 Bc7 47. Ne5 Nc5 48. Kf3 Ne4 49. Be1 Bxa5 50. Bxa5 Kxa5 51. h5 gxh5 52. Nc6+ Kb5 53. Ne7 Kc4 54. Nxf5 Kd3 55. Ne7 Nd2+ 56. Kf2 Ke4 57. Ng8 Kf5 58. Ne7+ Ke6 59. Nc6 Kf5 60. Ne7+ Ke4 61. Ng8 Kf5 62. Ne7+ 1/2-1/2